000 00415nam a22001817a 4500
003 OSt
005 20241120111827.0
008 241120b |||||||| |||| 00| 0 eng d
040 _cMRSPTU
041 _aENG
082 _a301.36
_bJA-U
100 _aJayapalan, N.
245 _aUrban Sociology
260 _aGaziabad
_bPrime Max Books
_c2022
300 _a404
650 _aArchitecture
942 _2ddc
_cBK
_n0
999 _c10454
_d10454